[Event "Emilia Romagna-ch"]
[Site "Piacenza"]
[Date "2024.05.11"]
[Round "3"]
[White "Ferrarini, Lorenzo"]
[Black "Vezzosi, Paolo"]
[Result "0-1"]
[WhiteElo "1868"]
[BlackElo "2092"]
[PlyCount "86"]
[EventDate "2024.05.10"]
[EventType "swiss"]
[EventRounds "6"]
[EventCountry "ITA"]
[SourceTitle "CBM 220 Extra"]
[Source "ChessBase"]
[SourceDate "2024.07.31"]
[SourceVersion "1"]
[SourceVersionDate "2024.07.31"]
[SourceQuality "1"]

1. d4 c5 2. Nf3 g6 3. g3 Bg7 4. Bg2 cxd4 5. Nxd4 Nc6 6. Nxc6 bxc6 7. c4 Rb8 8. Nc3 Qa5 9. Qc2 Ba6 10. Bd2 Bxc4 11. 0-0 Qa6 12. Bf3 Nf6 13. b3 Be6 14. Na4 Bh3 15. Rfd1 0-0 16. Bf4 Rbc8 17. Nc5 Qa5 18. b4 Qb6 19. Rab1 d6 20. Na4 Qa6 21. e4 Bg4 22. Bxg4 Nxg4 23. f3 Ne5 24. Kg2 Qc4 25. Rdc1 Qxc2+ 26. Rxc2 Rc7 27. Be3 f5 28. exf5 gxf5 29. Bd4 f4 30. g4 Nxg4 31. Bxg7 Ne3+ 32. Kf2 Kxg7 33. Rc3 Kf6 34. Rbc1 Rg8 35. Rg1 Rxg1 36. Kxg1 e5 37. Nb2 c5 38. b5 Rg7+ 39. Kh1 Rg2 40. Rb3 Rf2 41. h4 c4 42. Rb4 Nd5 43. b6 axb6 0-1